000 00609nam a2200229 i 4500
001 C2-0148325
003 PPAK
005 20180727131526.0
008 980321s1987 my |||| ||||| | may d
020 _a9838570001
040 _aPPAK
_beng
_cPPAK
_erda
082 0 4 _a297.1227
_223
090 0 0 _a297.1227
_bYUN
_dR
100 1 _aYunus, H. Mahmud,
_eauthor
245 1 0 _aTafisr Quran Karim.
264 1 _aKuala Lumpur :
_bPustaka Al-Azhar ,
_c1987
300 _a[various pages ;
_c23 cm
336 _2rdacontent
_atext
337 _2rdamedia
_aunmediated
338 _2rdacarrier
_avolume
942 _ddc
_cB
999 _c46943
_d46943